000
00238nam a2200097Ia 4500
001
1166564
005
20250827011802.0
008
250824s9999 xx 000 0 und d
245
0
_a
BEN NEY'İM
_c
HAKAN MENGÜÇ
260
_b
DESTEK YAYINLARI
999
_c
1166564
_d
1166564